zpět

Detail výsledku týmu

MaxWilliam, Znojmo

Datum a čas kvízu

26.5 Celkem bodů Celkový počet nahraných bodů na tomto kvízu bez doplňovacích otázek.
5. Pořadí na kvízu Konečné umístění týmu na tomto kvízu.

Zaznamenané odpovědi

# Otázka Odpověď Body Výsledky
1. Kvízy obvykle začínáme aktuali... Tom Hanks 1
2. Mladou herečku Sadii Sink může... Velryba 0
3. Která sportovkyně se krátce mi... Eva Adamczyková (Samková) 1
4. Ke kterému českému snímku se v... Banger! 0
5. V prostředí kterého sportu se... D 0
6. Jedním z mnoha lety prověřenýc... 1A 2C 3B 4D 0
7. Kterou filmovou postavu pojmen... Forresta Gumpa 0
8. V minulé dekadě začal velký bo... Wakanda, vibranium 1
9. Uveďte příjmení profesora z fi... Hrbolek 1
10. Policisté William Somerset a D... Sedm 1